Διατροφικά πειράματα στο Siganus rivulatus : πτυχιακή εργασία
Τέσσερις ομάδες ψαριών του είδους Siganus rivulatus, αποτελούμενες από τρεις δεξαμενές (επαναλήψεις) η κάθε μία, σιτίστηκαν με τρία διαφορετικά σιτηρέσια ψαριών, με σκοπό την εύρεση της καταλληλότερης διατροφής ποιοτικά και ποσοτικά ώστε να επιτευχθεί η ταχύτερη δυνατή ανάπτυξη καθώς το είδος αυτό θ...
Αποθηκεύτηκε σε:
| Κύριος συγγραφέας: | |
|---|---|
| Συγγραφή απο Οργανισμό/Αρχή: | |
| Μορφή: | Thesis Βιβλίο |
| Γλώσσα: | Greek |
| Δημοσίευση: |
2015.
|
| Θέματα: | |
| Διαθέσιμο Online: | http://hdl.handle.net/11610/7394 |
| Ετικέτες: |
Προσθήκη ετικέτας
Δεν υπάρχουν, Καταχωρήστε ετικέτα πρώτοι!
|
MARC
| LEADER | 00000cam a2200000 a 4500 | ||
|---|---|---|---|
| 001 | 1/110141 | ||
| 008 | 160302s2015####gr d ||| |||| ||gre|| | ||
| 040 | |a GR-MyUa |b gre |c GR-MyUa |e AACR2 | ||
| 041 | 0 | |a gre | |
| 082 | 7 | |a 597 |2 (23) | |
| 100 | 1 | |a Μαυρουδή, Καλλιόπη. | |
| 245 | 1 | 0 | |a Διατροφικά πειράματα στο Siganus rivulatus : |b πτυχιακή εργασία / |c Μαυρουδή Καλλιόπη ; [επιβλέπων]: Μπακόπουλος Βασίλειος. |
| 260 | |c 2015. | ||
| 300 | |a 56 σ. : |b πίν. ; |c 24 εκ. | ||
| 500 | |a Τριμελής επιτροπή: Μπακόπουλος Βασίλειος, Κόκκορης Γεώργιος, Μπατζάκας Ιωάννης. | ||
| 502 | |a Πτυχιακή εργασία – Πανεπιστήμιο Αιγαίου, Λέσβος, 2015. | ||
| 504 | |a Περιλαμβάνει βιβλιογραφία και παράρτημα. | ||
| 506 | 1 | |a Ηλεκτρονική διάθεση στο πλήρες κείμενο – περιορισμένης πρόσβασης ; |c Ελεύθερη διάθεση μόνο στα μέλη του Πανεπιστημίου Αιγαίου. | |
| 520 | 8 | |a Τέσσερις ομάδες ψαριών του είδους Siganus rivulatus, αποτελούμενες από τρεις δεξαμενές (επαναλήψεις) η κάθε μία, σιτίστηκαν με τρία διαφορετικά σιτηρέσια ψαριών, με σκοπό την εύρεση της καταλληλότερης διατροφής ποιοτικά και ποσοτικά ώστε να επιτευχθεί η ταχύτερη δυνατή ανάπτυξη καθώς το είδος αυτό θεωρείται ότι έχει δυνατότητες στην ιχθυοκαλλιέργεια. Η πρώτη ομάδα τρέφονταν αποκλειστικά με μαρούλι. Η 2η, η 3η και η 4η ομάδα τρέφονταν με ξηρή τροφή και σε ποσοστό σίτισης 1%, 3% και 5% επί της βιομάζας, ημερησίως, αντίστοιχα. Σύμφωνα με τα αποτελέσματά μας, η τροφή που δόθηκε στα ψάρια δεν ήταν κατάλληλη για το συγκεκριμένο είδος, πιθανότατα γιατί είναι φυτοφάγο, αφού στην ομάδα 4 στην οποία δινόταν το μεγαλύτερο ποσοστό σίτισης, παρατηρήθηκε μικρότερη αύξηση στο σωματικό βάρος και μήκος από την ομάδα 3 και μάλιστα, μεταξύ των ομάδων 2 και 4 δεν υπήρξαν σημαντικές στατιστικές διαφορές. | |
| 650 | 0 | |a Fishes |x Food. | |
| 650 | 0 | |a Fishes |x Physiology. | |
| 650 | 0 | |a Fishes |x Research. | |
| 700 | 1 | |a Μπακόπουλος, Βασίλης, |e dgs | |
| 710 | 2 | |a Πανεπιστήμιο Αιγαίου |b Σχολή Περιβάλλοντος |b Τμήμα Επιστημών της Θάλασσας. | |
| 852 | |a INST |b LESVOS |c DIATR |e 20160302 |h 934 |p 005100057355 |q 005100057355 |t DIE |y 23 | ||
| 856 | |u http://hdl.handle.net/11610/7394 | ||
| 924 | |a Μαυρουδή |b Καλλιόπη |y Λέσβος |z 2015-03 | ||
| 970 | |a Τζαφέρη |b Ευαγγελία |z 02-03-2016 | ||